000 00305 a2200145 4500
245 _aElectrothérapie
100 _aDumoulin, J.
700 _aDe Bisoshop, G.
260 _c1966
300 _aVII-578 p.
035 _a7615
999 _c17515
_d17515